000 00774nam a2200193 a 4500
005 20140412111312.0
008 010326s19uu xx 00 eng d
020 _a0-7835-1307-0
050 _aREF 170
_bC54Al v.8
245 _aThe alligator's secret :
_ba book about admitting our mistakes.
260 _aAsia :
_bTime Life Asia,
_c1997.
300 _a29 p. ; ill.
440 _aA Child's First Library of Values
500 _aw/ casette tape
520 _aOn his way to school, Ali the alligator eats some purple berries and ends up looking rather silly. Trying to cover up his mistake, he pretends to have flue, but he soon finds out that it is better to admit mistakes straight away . . .
650 _aValues
650 _aMistakes - Fiction
999 _c104024
_d104024